Journal of the Royal Asiatic Society of Great Britain & Ireland
| Título anterior: | Transactions of the Royal Asiatic Society of Great Britain and Ireland Society of Biblical Archæology (London, England). Proceedings of the Society of Biblical Archaeology |
|---|---|
| Autor Corporativo: | |
| Formato: | Electrónico Revista |
| Lenguaje: | inglés |
| Publicado: |
London :
John W. Parker and Son,
1834-
Cambridge, UK : Cambridge University Press on behalf of the Royal Asiatic Society of Great Britain and Ireland |
| Materias: | |
| Acceso en línea: | Full text available from Research Library: 04/01/2001 to 1 year ago |
MARC
| LEADER | 00000nas a2200000 a 4500 | ||
|---|---|---|---|
| 001 | ssj0016330 | ||
| 003 | WaSeSS | ||
| 005 | 20200512172242.0 | ||
| 006 | m d | ||
| 007 | cr n | ||
| 008 | 020319c18349999enktr pss 0 a0eng c | ||
| 010 | |a 2009236210 | ||
| 015 | |a GBB407316 |2 bnb | ||
| 016 | 7 | |a 2052836-X |2 DE-600 | |
| 016 | 7 | |a 012914034 |2 Uk | |
| 022 | |a 1474-0591 |l 1356-1863 |y 1356-1863 | ||
| 035 | |a (WaSeSS)ssj0016330 | ||
| 037 | |b Cambridge University Press, The Edinburgh Building, Shaftesbury Road, Cambridge CB2 2RU, United Kingdom | ||
| 040 | |a F#A |b eng |e pn |c F#A |d OCLCQ |d OCL |d SYB |d NTE |d EXW |d JPG |d OCLCQ |d HLS |d EYM |d MYG |d EYM |d HUL |d OCLCQ |d GUA |d OCLCQ |d OCLCF |d OCLCO |d MT4IT |d HEBIS |d UUO |d OCLCE |d VT2 |d OCLCQ |d GILDS |d OCLCO |d AU@ |d UKMGB |d UHL |d S2H |d INARC |d CUD |d FIE |d NTG |d OCLCO |d NLW |d OCLCQ |d AUD |d OCLCQ |d WaSeSS | ||
| 042 | |a pcc |a dlr | ||
| 043 | |a a------ |a aw----- | ||
| 050 | 1 | 4 | |a AS122 |b .L72 |
| 050 | 4 | |a DS1 | |
| 082 | 0 | 4 | |a 950 |
| 110 | 2 | |a Royal Asiatic Society of Great Britain and Ireland. | |
| 222 | 0 | |a Journal of the Royal Asiatic Society |b (Online) | |
| 245 | 1 | 0 | |a Journal of the Royal Asiatic Society of Great Britain & Ireland |h [electronic resource]. |
| 246 | 1 | |i Volumes for Apr. 1991- have title: |a Journal of the Royal Asiatic Society | |
| 246 | 3 | |a Journal of the Royal Asiatic Society of Great Britain and Ireland | |
| 260 | |a London : |b John W. Parker and Son, |c 1834- | ||
| 260 | 3 | |3 <2004-> : |a Cambridge, UK : |b Cambridge University Press on behalf of the Royal Asiatic Society of Great Britain and Ireland | |
| 310 | |a Three no. a year, |b 1991- | ||
| 321 | |a Frequency varies, |b 1834-1990 | ||
| 362 | 0 | |a Vol. 1 (1834)-v. 20 (1863) ; new ser., v. 1 (1864)-n.s., v. 21 (1889) ; 1890-1990 ; 3rd ser., v. 1, pt. 1 (Apr. 1991)- | |
| 500 | |a Has also appendices and lists of members, with most years also contain the Proceedings and Annual reports of the Society. | ||
| 500 | |a Imprint varies. | ||
| 506 | |a License restrictions may limit access. | ||
| 515 | |a Only pt. 1 of v. 11 and 14 published. Cf. London library catalogue. | ||
| 538 | |a Master and use copy. Digital master created according to Benchmark for Faithful Digital Reproductions of Monographs and Serials, Version 1. Digital Library Federation, December 2002. |u http://purl.oclc.org/DLF/benchrepro0212 |5 MiAaHDL | ||
| 583 | 1 | |a digitized |c 2010 |h HathiTrust Digital Library |l committed to preserve |2 pda |5 MiAaHDL | |
| 588 | 0 | |a Vol. 1 (1834); title from cover (JSTOR, viewed July 31, 2009). | |
| 588 | 1 | |a 3rd ser., v. 14, no. 3 (Nov. 2004) (viewed Jan. 7, 2010). | |
| 651 | 0 | |a Asia |v Periodicals. | |
| 651 | 0 | |a Middle East |v Periodicals. | |
| 651 | 7 | |a Asia. |2 fast |0 (OCoLC)fst01240495 | |
| 651 | 7 | |a Middle East. |2 fast |0 (OCoLC)fst01241586 | |
| 655 | 0 | |a Electronic journals. | |
| 776 | 0 | 8 | |i Print version: |a Royal Asiatic Society of Great Britain and Ireland. |t Journal of the Royal Asiatic Society of Great Britain & Ireland |x 1356-1863 |w (DLC)sf 80000755 |w (OCoLC)1764574 |
| 780 | 0 | 0 | |t Transactions of the Royal Asiatic Society of Great Britain and Ireland |w (DLC) 2010234844 |w (OCoLC)426828454 |
| 780 | 0 | 5 | |a Society of Biblical Archæology (London, England). |t Proceedings of the Society of Biblical Archaeology |
| 856 | 4 | 0 | |z Full text available from Research Library: 04/01/2001 to 1 year ago |u https://search.proquest.com/publication/33081 |